TEXT BOOK OF PATHOLOGY (Record no. 15366)

MARC details
000 -LEADER
fixed length control field 00337nam a22001577a 4500
003 - CONTROL NUMBER IDENTIFIER
control field SGT
020 ## - INTERNATIONAL STANDARD BOOK NUMBER
International Standard Book Number 978-93-5152-369-7
082 ## - DEWEY DECIMAL CLASSIFICATION NUMBER
Classification number 616.7
Item number P17M
100 ## - MAIN ENTRY--PERSONAL NAME
Personal name MOHAN. HARSH
245 ## - TITLE STATEMENT
Title TEXT BOOK OF PATHOLOGY
250 ## - EDITION STATEMENT
Edition statement 7TH
260 ## - PUBLICATION, DISTRIBUTION, ETC. (IMPRINT)
Place of publication, distribution, etc NEW DELHI
Name of publisher, distributor, etc JAYPEE PUB
Year of Publication 2017
300 ## - PAGE DESCRIPTION
No. of Pages 954
650 ## - SUBJECT ADDED ENTRY--TOPICAL TERM
Topical term or geographic name as entry element PHARMACY
942 ## - ADDED ENTRY ELEMENTS (KOHA)
Source of classification or shelving scheme Dewey Decimal Classification
Koha item type Books
942 ## - ADDED ENTRY ELEMENTS (KOHA)
-- 6
Holdings
Withdrawn status Lost status Source of classification or shelving scheme Damaged status Use restrictions Not for loan Collection code Home library Current library Shelving location Date acquired Vendor Name Cost, normal purchase price SGTU Bill Number Full call number Accession No. (Barcode) Date last seen Bill Date Koha item type Total Checkouts Date last borrowed
    Dewey Decimal Classification   Restricted Access   PHARMACY SGT FA-FP Library SGT FA-FP Library Reference Book 21/03/2018 AHUJA PUB 1950.00 SGTU 9434 616.7 P17M FP2776 21/03/2018 16/03/2018 Books    
    Dewey Decimal Classification       PHARMACY SGT FA-FP Library SGT FA-FP Library Text Book 21/03/2018 AHUJA PUB 1950.00 SGTU 9434 616.7 P17M FP2777 21/01/2025 16/03/2018 Books 10 07/01/2025
    Dewey Decimal Classification       PHARMACY SGT FA-FP Library SGT FA-FP Library Text Book 21/03/2018 AHUJA PUB 1950.00 SGTU 9434 616.7 P17M FP2778 13/01/2025 16/03/2018 Books 15 07/01/2025
    Dewey Decimal Classification       PHARMACY SGT FA-FP Library SGT FA-FP Library Text Book 21/03/2018 AHUJA PUB 1950.00 SGTU 9434 616.7 P17M FP2779 19/04/2021 16/03/2018 Books 4 01/03/2021
    Dewey Decimal Classification       PHARMACY SGT FA-FP Library SGT FA-FP Library Text Book 21/03/2018 AHUJA PUB 1950.00 SGTU 9434 616.7 P17M FP2780 01/01/2025 16/03/2018 Books 2 14/12/2024